000 00386nam a2200157Ia 4500
008 230917s9999||||xx |||||||||||||| ||und||
020 _cRS125
040 _e18893
_aMAIN
041 _aEnglish
082 _a330.9 K122W
100 _aKahn, Herman
245 0 _aWorld economic development: 1979 and beyond
260 _aNew Delhi
_bVikas
_c1980
300 _axxi,519 p.
942 _cBK
999 _c226361
_d226361